US visual cities quiz #2 - Statistics

General Stats
  • This quiz has been taken 12 times
  • The average score is 6 of 14
Answer Stats
Picture Answer % Correct
New Orleans
83%
San Jose
75%
Baltimore
58%
Boise
58%
Jacksonville
58%
Cleveland
50%
indianapolis
50%
San Antonio
50%
Charlotte
42%
Des moines
25%
Tulsa
25%
Birmingham
17%
Tucson
17%
Virgina Beach
8%
No matching quizzes found
Score Distribution
Percent of People with Each Score
Percentile by Number Answered
Your Score History
You have not taken this quiz